Bilecik Bilecik Bilecik Bilecik Bilecik

Organik kimya : (Record no. 19)

MARC details
000 -BAŞLIK
Sabit Uzunluktaki Kontrol Alanı 01080nam a22003017a 4500
001 - KONTROL NUMARASI
Control Dosyası 0000018
003 - KONTROL NUMARASI KİMLİĞİ
Kontrol Alanı KOHA_MİRAKIL
005 - EN SON İŞLEM TARİHİ ve ZAMANI
Kontrol Alanı 20260207001156.0
007 - FİZİKSEL TANIM SABİT ALAN - GENEL BİLGİ
Sabit uzunluklu kontrol alanı ta
008 - SABİT UZUNLUKTAKİ VERİ ÖGELERİ - GENEL BİLGİ
Sabit Alan 081212b2003 tu |||gr||||#0|||0|tur |
020 ## - ISBN - ULUSLARARASI STANDART KİTAP NUMARASI
Isbn 9755560424
Kullanılabilirlik koşulları 34,090000000000003
040 ## - KATALOGLAMA KAYNAĞI
Özgün Kataloglama Kurumu TR-BiSEU
Kataloglama Dili tur
Çeviri Kurumu TR-BiSEU
Açıklama Kuralları rda
041 0# - DİL KODU
Metin ya da ses kaydının dil kodu tur
044 ## - YAYINLAYAN/ÜRETEN KURULUŞUN ÜLKE KODU
ISO country code tu
050 ## - SINIFLAMA ve YER NUMARASI
Sınıflama Numarası QD253
Yer Numarası .A85 2003
100 1# - KİŞİ ADI
Yazar Adı (Kişi adı) Atkins, Robert C..
240 10 - TEK BİÇİM BAŞLIK
Tekbiçim Başlık <a href="organic chemistry : a brief course : student solutions manual to accompany">organic chemistry : a brief course : student solutions manual to accompany</a>
Language of a work Türkçe
245 1# - ESER ADI BİLDİRİMİ
Başlık Organik kimya :
Alt Eseradı vb. kısa ve öz :
-- öğrenci için problem çözümleri =
-- organic chemistry :
-- a brief course :
-- student solutions manual to accompany/
Sorumluluk Bildirimi Robert C. Atkins ; Robert C. Atkins, Francis A. Carey ; çevirenler Gürol Okay, Yılmaz Yıldırır.
264 #1 - ÜRERİM, YAYIN, DAĞITIM ve TELİF BİLDİRİMİ
Yayın yeri Ankara :
Yayınlayan Bilim
Yayın tarihi 2003
300 ## - FİZİKSEL TANIMLAMA
Sayfa, Cilt vb. 524 [40] sayfa
336 ## - İÇERİK TÜRÜ
Content type term metin
Content type code txt
Source rdacontent
337 ## - MEDYA TÜRÜ
Media type term aracısız
Media type code n
Source rdamedia
338 ## - TAŞIYICI TÜRÜ
Carrier type term cilt
Carrier type code nc
Source rdacarrier
650 #0 - KONU BAŞLIĞI EK GİRİŞ - KONU TERİMİ
Konusal terim veya coğrafi ad Kimya, Organik.
9 (RLIN) 1514
650 #0 - KONU BAŞLIĞI EK GİRİŞ - KONU TERİMİ
Konusal terim veya coğrafi ad Chemistry, Organic.
9 (RLIN) 1515
907 ## - LOCAL DATA ELEMENT G, LDG (RLIN)
a Kimya
942 ## - EK GİRİŞ ÖGELERİ (KOHA)
Source of classification or shelving scheme Library of Congress Classification
Koha item type Book
Holdings
Materyal Türü Kalıcı Konum Mevcut Konum Raf Yeri Sınıflandırma Kaynağı Edinim Bilgisi Ana Konular Alt Konular Yer Numarası Demirbaş Numarası Fatura Tarihi Maliyet, Alış Fiyatı Maliyet, Yenileme Fiyatı Geri Çekilme Durumu Kayıp Durumu Hasarlı Durumu Kredi için değil Kayıt Tarih Toplam Ödünçverme Son Görülme Tarihi Son Kontrol Tarihi
Book Prof. Dr. Azmi Özcan Kütüphanesi Prof. Dr. Azmi Özcan Kütüphanesi Birûni Salonu Library of Congress Classification Satın BİLİM Kimya QD253 .A85 2003 0000018 12/12/2008 36.82 36.82         12/12/2008 37 15/04/2026 07/04/2026